00381nam a2200145Ia 4500003000400000008004100004040001600045082001300061100002300074245006100097260003000158300001000188650001500198650002200213GCL140319s9999 xx 000 0 eng d aGCL / cGCL04a843bB S1 aBIANCIOTTI, HECTOR10aSEULES LES LERMES SERNOT COMPTEES / cBIANCIOTTI, HECTOR a[S.N] : bFOLIO ، c1994 a441 P04aLITERATURE04aFRENCH LITERATURE